| 000 | 00427nam a2200181Ia 4500 | ||
|---|---|---|---|
| 001 | 17057 | ||
| 005 | 20260306170357.0 | ||
| 008 | 260306t2017||||xx |||||||||||||| ||und|| | ||
| 041 | _aESP | ||
| 082 |
_a657.45 _bA65 2017 |
||
| 100 |
_aArancibia Cueva, Miguel _eAUT |
||
| 245 | 0 | _aAuditoria tributaria | |
| 260 | _c2017 | ||
| 300 |
_a581 páginas : _c25 cm. |
||
| 650 | _aGEN | ||
| 654 | _aCCO | ||
| 942 |
_cLIB _dJUS _fJUS _2ddc _n |
||
| 999 |
_c17057 _d17057 |
||